Public administration / (Record no. 42418)
[ view plain ]
| 000 -LEADER | |
|---|---|
| fixed length control field | 00815nam a2200253 a 4500 |
| 001 - CONTROL NUMBER | |
| control field | 42418 |
| 003 - CONTROL NUMBER IDENTIFIER | |
| rucl marc code | BD-RjUL |
| 005 - DATE AND TIME OF LATEST TRANSACTION | |
| control field | 20211209053535.0 |
| 008 - FIXED-LENGTH DATA ELEMENTS--GENERAL INFORMATION | |
| fixed length control field | 160612s19612003ii |||| |b o001 ||eng d |
| 020 ## - INTERNATIONAL STANDARD BOOK NUMBER | |
| International Standard Book Number | 8121903408 |
| 035 ## - SYSTEM CONTROL NUMBER | |
| System control number | (BD-RjUL) 42536 |
| 040 ## - CATALOGING SOURCE | |
| Original cataloging agency | Uk-ES |
| Transcribing agency | Uk-ES |
| Modifying agency | Cu-RivES |
| -- | CStRLIN |
| -- | Thomson Gale |
| -- | BD-RjUL |
| Language of cataloging | eng |
| 041 ## - LANGUAGE CODE | |
| Language code of text/sound track or separate title | eng |
| 082 ## - DEWEY DECIMAL CLASSIFICATION NUMBER | |
| Edition number | 23 |
| Classification number | 350 |
| Author mark and year | BHP 2003 |
| 100 1# - MAIN ENTRY--PERSONAL NAME | |
| Personal name | Bhagwan, Vishnoo |
| 9 (RLIN) | 130472 |
| 245 ## - TITLE STATEMENT | |
| Title | Public administration / |
| Statement of responsibility, etc. | Vishnoo Bhagwan, Vidya Bhushan |
| 260 ## - PUBLICATION, DISTRIBUTION, ETC. (IMPRINT) | |
| Place of publication, distribution, etc. | New Delhi : |
| Name of publisher, distributor, etc. | S. Chand & Company Ltd., |
| Date of publication, distribution, etc. | 1961 [Reprint 2003] |
| 300 ## - PHYSICAL DESCRIPTION | |
| Pagination | [8], 814 p. ; |
| Size | 21 cm. |
| 504 ## - BIBLIOGRAPHY, ETC. NOTE | |
| Bibliography, etc | Includes bibliography and index. |
| 510 4# - CITATION/REFERENCES NOTE | |
| Name of source | English Short Title Catalog, |
| Location within source | ESTCT83965. |
| 650 ## - SUBJECT ADDED ENTRY--TOPICAL TERM | |
| Topical term or geographic name as entry element | Public administration |
| 9 (RLIN) | 117250 |
| 700 ## - ADDED ENTRY--PERSONAL NAME | |
| Personal name | Bhushan, Vidya |
| 942 ## - ADDED ENTRY ELEMENTS (KOHA) | |
| Source of classification or shelving scheme | Dewey Decimal Classification |
| Koha item type | Books |
| Lost status | Source of classification or shelving scheme | Damaged status | Not for loan | Collection code | Permanent Location | Current Location | Shelving location | Date acquired | Source of acquisition | Cost, normal purchase price | Total Checkouts | Full call number | Date last seen | Date checked out | Copy number | Koha item type |
|---|---|---|---|---|---|---|---|---|---|---|---|---|---|---|---|---|
| Dewey Decimal Classification | Non-fiction | Central Library, University of Rajshahi | Central Library, University of Rajshahi | 09/08/2006 | Paragon Interprize, Dhaka | 140.00 | 8 | 350 BHP 2003 | 15/05/2024 | 14/05/2024 | C-2 | Books | ||||
| Dewey Decimal Classification | Not For Loan | Non-fiction | Central Library, University of Rajshahi | Central Library, University of Rajshahi | Reading Room | 07/06/2006 | Paragon Interprize, Dhaka | 140.00 | 350 BHP 2003 | 26/12/2016 | C-1 | Books |